| 000 | 00616nam a2200193Ia 4500 | ||
|---|---|---|---|
| 003 | GCL | ||
| 008 | 140319s9999 xx 000 0 ara d | ||
| 040 |
_aGCL / _cGCL |
||
| 082 | 0 | 4 |
_a811.9 _bر ه |
| 100 | 1 | _aرضا يوسف العربى | |
| 245 | 1 | 0 |
_aهذيان لا يليق بمجنون: شعر / _cرضا يوسف العربى |
| 300 | _a123 ص | ||
| 490 |
_aابداعات _v0 |
||
| 650 | 0 | 4 | _aالشعر العربى |
| 650 | 0 | 4 | _aالادب العربى |
| 650 | 0 | 4 | _aالشعر العربى - دواوين وقصائد |
| 650 | 0 | 4 | _aالشعر العربى - العصر الحديث |
| 942 |
_2ddc _cBK |
||
| 999 |
_c50696 _d50696 |
||